[Event "Ruhrgebiet VK3 1213"]
[Site "Nordrheinwestfalen"]
[Date "2012.10.28"]
[Round "3"]
[White "Guddat, Joern"]
[Black "Diebig, Maja"]
[Result "1/2-1/2"]
[WhiteElo "1787"]
[BlackElo "1730"]
[PlyCount "50"]
[EventDate "2012.09.02"]
[EventType "team-tourn"]
[EventRounds "9"]
[EventCountry "GER"]
[SourceTitle "EXT 2020"]
[Source "ChessBase"]
[SourceDate "2019.10.17"]
[SourceVersion "1"]
[SourceVersionDate "2019.10.17"]
[SourceQuality "1"]
[WhiteTeam "Eichlinghofen SV II"]
[BlackTeam "Brackel SF III"]
[WhiteTeamCountry "GER"]
[BlackTeamCountry "GER"]

1. d4 d5 2. c4 e6 3. Nf3 Nf6 4. g3 Nbd7 5. Bg2 Be7 6. 0-0 0-0 7. Nc3 c6 8. Qc2 b6 9. b3 Bb7 10. e4 dxe4 11. Ng5 c5 12. dxc5 Nxc5 13. Ngxe4 Ncxe4 14. Nxe4 Nxe4 15. Bxe4 Bxe4 16. Qxe4 Bf6 17. Rb1 Qe7 18. Bb2 Bxb2 19. Rxb2 Rfd8 20. Rd2 Rxd2 21. Qxa8+ Rd8 22. Qf3 Qd6 23. Re1 h6 24. Kg2 Qd3 25. Qxd3 Rxd3 1/2-1/2

[Event "Leverkusen-ch op"]
[Site "Leverkusen"]
[Date "2010.03.22"]
[Round "5"]
[White "Domnick, Michael"]
[Black "Guddat, Joern"]
[Result "0-1"]
[WhiteElo "1681"]
[BlackElo "1886"]
[PlyCount "72"]
[EventDate "2010.01.18"]
[EventType "swiss"]
[EventRounds "7"]
[EventCountry "GER"]
[SourceTitle "EXT 2011"]
[Source "ChessBase"]
[SourceDate "2010.11.26"]
[SourceVersion "1"]
[SourceVersionDate "2010.11.26"]
[SourceQuality "1"]

1. f4 Nf6 2. Nf3 g6 3. g3 Bg7 4. c4 0-0 5. Nc3 c5 6. Bg2 Nc6 7. 0-0 d6 8. d3 a6 9. Rb1 Qc7 10. e4 e6 11. Bd2 Rb8 12. a3 b5 13. cxb5 axb5 14. b4 cxb4 15. axb4 Ng4 16. h3 Qb6+ 17. d4 Nxd4 18. hxg4 Nxf3+ 19. Kh1 Nxd2 20. Qxd2 Bb7 21. Rfd1 Rbc8 22. Ne2 Rfd8 23. Rbc1 Rc4 24. Rxc4 bxc4 25. Rb1 d5 26. e5 d4 27. Rd1 Bxg2+ 28. Kxg2 d3 29. Nc3 Qxb4 30. Rb1 Qa5 31. Rb2 Qa8+ 32. Kh2 Bf8 33. Qe3 Qa1 34. Qb6 d2 35. Ra2 Qxa2 36. Qxd8 d1Q+ 0-1

[Event "Leverkusen-ch op"]
[Site "Leverkusen"]
[Date "2010.01.18"]
[Round "1"]
[White "Mueller, Philipp"]
[Black "Guddat, Joern"]
[Result "0-1"]
[WhiteElo "1386"]
[BlackElo "1886"]
[PlyCount "54"]
[EventDate "2010.01.18"]
[EventType "swiss"]
[EventRounds "7"]
[EventCountry "GER"]
[SourceTitle "EXT 2011"]
[Source "ChessBase"]
[SourceDate "2010.11.26"]
[SourceVersion "1"]
[SourceVersionDate "2010.11.26"]
[SourceQuality "1"]

1. e4 e6 2. d4 d5 3. exd5 exd5 4. Nf3 Bg4 5. Bd3 Nc6 6. c3 Nf6 7. 0-0 Qd7 8. Re1+ Be7 9. Bg5 0-0-0 10. Nbd2 Bd6 11. Qc2 h6 12. Bxf6 gxf6 13. h3 Be6 14. Nh4 Ne7 15. Rxe6 fxe6 16. c4 Kb8 17. cxd5 Nxd5 18. Ne4 f5 19. Nc5 Bxc5 20. Qxc5 Nf4 21. Bc2 Qxd4 22. Qxd4 Rxd4 23. Nf3 Rd6 24. Kf1 Rg8 25. Ne1 Rd2 26. Rd1 Rxd1 27. Bxd1 Rd8 0-1